Louis Pasteur

Bewaard in:
Bibliografische gegevens
Hoofdauteur: Viết Linh
Formaat: Boek
Taal:Undetermined
Gepubliceerd in: Tp. HCM Thanh Niên 2001
Onderwerpen:
Tags: Voeg label toe
Geen labels, Wees de eerste die dit record labelt!
Thư viện lưu trữ: Trung tâm Học liệu Trường Đại học Cần Thơ
LEADER 00470nam a2200169Ia 4500
001 CTU_44125
008 210402s9999 xx 000 0 und d
082 |a 895.9223 
082 |b V308 
100 |a Viết Linh 
245 0 |a Louis Pasteur 
245 0 |c Viết Linh 
260 |a Tp. HCM 
260 |b Thanh Niên 
260 |c 2001 
650 |a scientisct - biography,vietnamese literature - 20th century 
980 |a Trung tâm Học liệu Trường Đại học Cần Thơ